Springboard to Success : workbook for developing english and employbility / (Record no. 170)

000 -LEADER
fixed length control field 00557nam a2200169Ia 4500
008 - FIXED-LENGTH DATA ELEMENTS--GENERAL INFORMATION
fixed length control field 190805s9999||||xx |||||||||||||| ||und||
020 ## - INTERNATIONAL STANDARD BOOK NUMBER
International Standard Book Number 9788125041146
Terms of availability Rs. 95.00
082 04 - DEWEY DECIMAL CLASSIFICATION NUMBER
Classification number 428
Item number K167
100 1# - MAIN ENTRY--PERSONAL NAME
Personal name Kaushik, Sharda
245 10 - TITLE STATEMENT
Title Springboard to Success : workbook for developing english and employbility /
260 ## - PUBLICATION, DISTRIBUTION, ETC. (IMPRINT)
Place of publication, distribution, etc Hyderabad :
Name of publisher, distributor, etc Orient Blackswan,
Date of publication, distribution, etc 2010, reprinted 20015
300 ## - PHYSICAL DESCRIPTION
Extent 202 p.
Other physical details : ill.
Dimensions ; 24 cm.
650 #0 - SUBJECT ADDED ENTRY--TOPICAL TERM
Topical term or geographic name as entry element English language
700 1# - ADDED ENTRY--PERSONAL NAME
Personal name Bajwa, Bindu
852 ## - LOCATION/CALL NUMBER
Location
942 ## - ADDED ENTRY ELEMENTS (KOHA)
Item type Books
Holdings
Withdrawn status Lost status Damaged status Not for loan Collection code Permanent location Current location Shelving location Date acquired Source of acquisition Cost, normal purchase price Total Checkouts Full call number Barcode Date last seen Date last borrowed Koha item type Public note
        English IMU Kochi Library IMU Kochi Library General Stacks 2017-05-31 Sri Vani Book Agency 95.00 2 428 K167 BK003395 2023-08-31 2023-08-31 Books Gen. Shelf-7, Row-2
        English IMU Kochi Library IMU Kochi Library General Stacks 2017-05-31 Sri Vani Book Agency 95.00 1 428 K167 BK003396 2023-12-05 2023-12-04 Books Gen. Shelf-7, Row-2
        English IMU Kochi Library IMU Kochi Library General Stacks 2017-05-31 Sri Vani Book Agency 95.00   428 K167 BK003397 2019-08-05   Books Gen. Shelf-7, Row-2
        English IMU Kochi Library IMU Kochi Library General Stacks 2017-05-31 Sri Vani Book Agency 95.00   428 K167 BK003398 2019-08-05   Books Gen. Shelf-7, Row-2
        English IMU Kochi Library IMU Kochi Library General Stacks 2017-05-31 Sri Vani Book Agency 95.00   428 K167 BK003394 2019-08-05   Books Gen. Shelf-7, Row-2


Copyright © All Rights Reserved by Indian Maritime University, Kochi Campus.
For any Suggestions/Query Contact to library or Email: library.kochi@imu.ac.in Ph:(0484)-2989402
(Web OPAC Designed by Rudra Ranjan. Maintained by IMU Kochi Library)

Powered by Koha